El juicio de apremio (Registro nro. 385)
[ vista simple ]
| 000 -LEADER | |
|---|---|
| fixed length control field | 01136 a2200205 4500 |
| 001 - CONTROL NUMBER | |
| control field | 3962 |
| 005 - DATE AND TIME OF LATEST TRANSACTION | |
| control field | 20260407155431.0 |
| 008 - FIXED-LENGTH DATA ELEMENTS--GENERAL INFORMATION | |
| fixed length control field | 260407a1966 arg spa d |
| 003 - CONTROL NUMBER IDENTIFIER | |
| control field | AR-UNSa-BCEJYS |
| 040 ## - CATALOGING SOURCE | |
| Original cataloging agency | AR-UNSa-BCEJYS |
| Language of cataloging | spa |
| Transcribing agency | AR-UNSa-BCEJYS |
| 080 ## - UNIVERSAL DECIMAL CLASSIFICATION NUMBER | |
| Universal Decimal Classification number | 347.91 |
| Common auxiliary subdivision | Procedimientos civiles particulares (Derecho Procesal Civil) |
| 041 ## - LANGUAGE CODE | |
| Language code of text/sound track or separate title | spa |
| 100 1# - MAIN ENTRY--PERSONAL NAME | |
| Personal name | Witthaus, Rodolfo Ernesto |
| 245 10 - TITLE STATEMENT | |
| Title | El juicio de apremio |
| 264 #1 - PRODUCTION, PUBLICATION, DISTRIBUTION, MANUFACTURE, AND COPYRIGHT NOTICE | |
| Place of production, publication, distribution, manufacture | Buenos Aires : |
| Name of producer, publisher, distributor, manufacturer | Abeledo Perrot |
| Date of production, publication, distribution, manufacture, or copyright notice | 1966 |
| 300 ## - PHYSICAL DESCRIPTION | |
| Extent | 158 p. |
| Dimensions | 23 cm. |
| 505 ## - FORMATTED CONTENTS NOTE | |
| Formatted contents note | 1. Antecedentes históricos. Etimología - 2. Doctrina y legislación comparada - 3. Procedimiento - 4. Recursos: Apelación - 5. Recurso extraordinario - 6. Juicio Ordinario. Fianza - 7. Legislación provincial - 8. El juicio de apremio en los proyectos de códigos de procedimiento en lo civil y comercial - 9. El juicio de apremio, procedimiento de apremio o ejecución por vía de apremio en los códigos fiscales o tributarios y leyes especiales de las provincias - 10. Consideraciones finales - 11. Proyecto de legislación para el juicio de apremio |
| 590 ## - LOCAL NOTE (RLIN) | |
| Local note | niveau_biblio:m niveau_hierar:0 |
| 942 ## - ADDED ENTRY ELEMENTS (KOHA) | |
| Koha item type | |
| Withdrawn status | Lost status | Damaged status | Not for loan | Home library | Current library | Shelving location | Date acquired | Total checkouts | Full call number | Barcode | Date last seen | Price effective from | Koha item type |
|---|---|---|---|---|---|---|---|---|---|---|---|---|---|
| Biblioteca Prof. Eusebio Cleto del Rey | Biblioteca Prof. Eusebio Cleto del Rey | 07/04/2026 | 347.91 W827 | L87234 | 07/04/2026 | 07/04/2026 | Libro |